| 000 | 00476 a2200133 4500 | ||
|---|---|---|---|
| 001 | ART_10650 | ||
| 005 | 20260410161831.0 | ||
| 008 | 260409a | ||
| 245 | 1 | 0 | _aPrestación del Servicio Universal en un marco de competencia en las Telecomunicaciones de Argentina |
| 100 | 1 | _aColomé, Rinaldo A. | |
| 700 | 1 | _aNeder, Ángel Enrique | |
| 700 | 1 | _aCeballos Ferroglio, Carlos | |
| 773 | 0 |
_tActualidad Económica _g- Año XI, Nº 50 (ene./abr. 2001) _wREV5083 |
|
| 999 |
_c23188 _d23188 |
||